| 000 | 00651nam a2200229 i 4500 | ||
|---|---|---|---|
| 001 | 88788 | ||
| 003 | ES-MaACL | ||
| 005 | 20250710062725.0 | ||
| 007 | t| | ||
| 008 | 041210s1965 fr ||||1| fre d | ||
| 080 | _a903 | ||
| 100 | 1 |
_aSonneville-Bordes, Denise de. _9107301 |
|
| 245 | 1 | 2 |
_aL'age de la pierre / _cpar Denise de Sonneville-Bordes. |
| 250 | _a2ยช ed. | ||
| 260 |
_aParis : _bPresses Universitaires de France, _c1965. |
||
| 300 |
_a125 p. ; _c18 cm. |
||
| 490 | 1 |
_aQue sais-je? ; _v948 |
|
| 650 | 1 | 4 |
_aPrehistoria. _916343 |
| 830 | 0 | 0 |
_aQue sais-je? _v948 _9180931 |
| 852 |
_aES-MaACL _jE-10644 _bR.134744 |
||
| 999 |
_c88788 _d88788 |
||